00948nam a22002415i 4500001000700000003000900007005001700016008004100033080002100074100004400095245007700139260003200216300002100248490003100269500002700300500008800327500003800415597002500453830003900478852004100517999001900558952012900577176586ES-MaACL20251115063318.0110125s1953 sp a |||| | spa d a821.134.2-22"19"1 aMuñoz Seca, Pedro, d1881-193698449914aLos sabios b: comedia en tres actos / coriginal de Pedro Muñoz Seca. aMadrid : b[s. n., c1953?] a75 p. ; c17 cm.1 aBiblioteca teatral ; v171 aAnteportada ilustrada. aEn port. : Estrenada en el Teatro de la Comedia, el día 30 de septiembre de 1924. aEncuadernado con otros títulos. aEn el lomo: 168-173.0 aBiblioteca teatral ; v1719190120 aES-MaACLjE-14128 (171) xOlim P-302 c176586d176586 00104070aATENEOMbATENEOMcDEPO2d2011-01-25eDONl0oE-14128 (171)p1185447r2023-02-23 00:00:00w2023-02-23yMONOGRAFIA